• 首页
  • 本馆介绍
  • 公告通知
  • 最新文献
  • 馆藏检索
  • 电子资源
  • 读者导购
  • 参考咨询
  • 我的图书馆
  • 登录
  • 详细信息显示
  • 放入我的书架
  • 预约/预借图书
  • 作者相关作品
  • 分类相关作品
  • 丛书相关作品
  • 出版社相关作品

书目信息

  • 表格格式
  • 工作单格式
  • 卡片格式
题名:
美学是什么
    
 
作者: 周宪 著
分册:  
出版信息: 北京   北京大学出版社  2002
页数: 272页
开本: 21cm
丛书名: 《人文社会科学是什么》丛书
单 册:
中图分类: B83-49
科图分类:
主题词: 美学--通俗读物
电子资源:
ISBN: 7-301-05271-5
000 00623nam0 2200217 45
001 0310260069
005 20031219104120.7
010    @a7-301-05271-5@dCNY18.00
100    @a20031026d2002 km y0chiy0120 ea
101 0  @achi
105    @a z 000yy
200 1  @a美学是什么@AMei Xue Shi Shi Mo@f周宪著@FZhou Xian Zhu
210    @a北京@c北京大学出版社@d2002
215    @a272页@d21cm
225    @a《人文社会科学是什么》丛书
410    @12001 @a《人文社会科学是什么》丛书
606 0  @a美学@x通俗读物
690    @aB83-49@v4
701    @a周宪@4著
801    @aCN@bTSTC@c20031026
905    @a213230@b327213-217@dB83-49@e177@f5
    
    美学是什么/周宪著.-北京:北京大学出版社,2002
    272页;21cm.-(《人文社会科学是什么》丛书)
    
    
    ISBN 7-301-05271-5:CNY18.00
    
●
相关链接 在E读中查询图书 在五车中查询图书 在当当中查询图书 在豆瓣中查询图书


正题名:美学是什么     索取号:B83-49/177         预约/预借

序号 登录号 条形码 馆藏地/架位号 状态 备注
1 0327213   203272136   第一借阅区/ [索取号:B83-49/177] 在馆    
2 0327214   203272145   第一借阅区/ [索取号:B83-49/177] 在馆    
3 0327215   203272154   第一借阅区/ [索取号:B83-49/177] 在馆    
4 0327216   203272163   第一借阅区/ [索取号:B83-49/177] 在馆    
5 0327217   203272172   第一样本阅览室/ [索取号:B83-49/177] 在馆    
唐山师范学院图书馆 欢迎您!
大连网信软件有限公司© 版权所有